000 nam a22 7a 4500
999 _c29978
_d29978
008 181129b xxu||||| |||| 00| 0 eng d
020 _a9780852555002
050 _aPL 8010 .W66 2002
245 _aWomen in african literature today/
_cEdited by Eldred Durosimi Jones, Eustace Palmer & Marjorie Jones.
260 _aSingapore:
_bJames Currey ltd,
_c2002.
300 _avi, 162p.:
_c22 cm.
504 _aIncludes index.
650 _aAfrican literature.
942 _2lcc
_cBOOKS
_hPL 8010 .W66 2002
_01